WWE Triple Crown Winners (Women) - Statistics

General Stats
  • This quiz has been taken 124 times
    117 since last reset
  • The average score is 5 of 6
Answer Stats
Date Achieved Triple Crown Answer % Correct
February 27, 2023 Becky Lynch
98%
May 19, 2019 Bayley
97%
December 20, 2020 Charlotte Flair
97%
October 25, 2020 Sasha Banks
94%
April 15, 2020 Asuka
82%
August 5, 2019 Alexa Bliss
81%
No matching quizzes found
Score Distribution
Percent of People with Each Score
Percentile by Number Answered
Your Score History
You have not taken this quiz since the last reset